书目信息 |
| 题名: |
硅酸盐建筑制品术语:GB/T16753-1997
|
|
| 作者: | 国家技术监督局 发布 | |
| 分册: | ||
| 出版信息: | 北京 中国计划出版社 1997.07 |
|
| 页数: | 14页 | |
| 开本: | 16开 | |
| 丛书名: | ||
| 单 册: | ||
| 中图分类: | TU525-65 | |
| 科图分类: | ||
| 主题词: | 建筑材料:非金属材料 | |
| 电子资源: | ||
| ISBN: | ||
| 000 | 00621nam0 2200193 45 | |
| 001 | 0009261694 | |
| 005 | 20000926162604.1 | |
| 010 | @d12.00元 | |
| 100 | @a20000926d1997 km y0chiy0120 ea | |
| 101 | 0 | @achi |
| 105 | @a z 000yy | |
| 200 | 1 | @a硅酸盐建筑制品术语:GB/T16753-1997@AGui Suan Yan Jian Zhu Zhi Pin Shu Yu:GB/T16753-1997@f国家技术监督局发布@FGuo Jia Ji Shu Jian Du Ju Fa Bu |
| 210 | @a北京@c中国计划出版社@d1997.07 | |
| 215 | @a14页@d16开 | |
| 606 | 0 | @a建筑材料:非金属材料 |
| 690 | @aTU525-65@v3 | |
| 701 | 0 | @a国家技术监督局@4发布 |
| 801 | @aCN@bPftUser@c20000926 | |
| 905 | @b154794-798@dTU525-65@eG:347@f5 | |
| 硅酸盐建筑制品术语:GB/T16753-1997/国家技术监督局发布.-北京:中国计划出版社,1997.07 |
| 14页;16开 |
| ISBN :12.00元 |
| ● |
| 相关链接 |
|
|
|
正题名:硅酸盐建筑制品术语:GB/T16753-1997
索取号:TU525-65/G:347
 
预约/预借
| 序号 | 登录号 | 条形码 | 馆藏地/架位号 | 状态 | 备注 |
| 1 | 154794 | 201547941 | 自科二线404/404自科库 3排1列5层/ [索取号:TU525-65/G:347] | 在馆 | |
| 2 | 154795 | 201547950 | 自科二线404/404自科库 3排2列3层/ [索取号:TU525-65/G:347] | 在馆 | |
| 3 | 154796 | 201547969 | 自科二线404/404自科库 3排2列3层/ [索取号:TU525-65/G:347] | 在馆 | |
| 4 | 154797 | 201547978 | 自科二线404/404自科库 3排2列2层/ [索取号:TU525-65/G:347] | 在馆 | |
| 5 | 154798 | 201547987 | 自科二线404/404自科库 3排1列6层/ [索取号:TU525-65/G:347] | 在馆 |